LDR 01498naa#a2200193#i#450# 001 RU\\bibl\122347 005 20260502021530.6 011 ## _a2307-7476 100 ## _a20260410b2026####ek#y0rusy0150####ca 102 ## _aRU 200 1# _aПРИМЕНЕНИЕ НОВЫХ ИНФОРМАЦИОННЫХ ТЕХНОЛОГИЙ ДЛЯ ОБЕСПЕЧЕНИЯ ПОЖАРНОЙ БЕЗОПАСНОСТИ В ТОРГОВО-РАЗВЛЕКАТЕЛЬНЫХ ЦЕНТРАХ _eЖурнальная статья 210 1# _aСанкт-Петербург _cСанкт-Петербургский университет Государственной противопожарной службы Министерства Российской Федерации по делам гражданской обороны, чрезвычайным ситуациям и ликвидации последствий стихийных бедствий имени Героя Российской Федерации генерала армии Е.Н. Зиничева _d2026 215 ## _a4 с. 608 ## _aЖурнальная статья _2local 675 ## _aКомпьютерное моделирование. 004.94 _aПожары комплекса сооружений. Пожары, охватывающие большие площади. 614.841.44 _z 700 #1 _aСоров _gАрсений Алексеевич 700 #1 _aХудеева _gЮлия Сергеевна 700 #1 _aБурмистрова _gН. А. 856 4# _ajournals.igps.ru _u